000 00485nam a2200157 a 4500
001 000047835
005 20201002060751.0
008 180828s2011 dr 000 0 spa d
040 _aDO-SdBNP
_bspa
_cBNPHU
082 _axx
_bxx
110 2 _aFundación Dominicana de Desarrollo
_954592
245 1 0 _aMemorias 2010 /.
260 _aSanto Domingo :
_bFundación Dominicana de Desarrollo,
_c2011.
300 _a91 p. :
_bil., gráfs., retrs. ;
_c31 cm.+ CD.
590 _aInventario, 2018/VM
999 _c47323
_d47323